Która autostrada prowadzi do tego miasta? - Multiple Choice - Statystyki

Ogólne statystyki
  • Ten quiz został rozwiązany 17 razy
  • Średni wynik to 12 z 13
Statystyki odpowiedzi
Zagadnienie Odpowiedź % Poprawnych
Gdansk A1
100%
Warszawa A2
100%
Sielce A2
100%
Rzeszow A4
100%
Lodz A1
94%
Katowice A4
94%
Opole A4
94%
Poznan A2
88%
Krakow A4
88%
Wroclaw A8
88%
Olszyna A18
76%
Szcecin A6
76%
Gorcyczki A1
53%
Nie znaleziono quizów pasujących do podanych kryteriów
Rozkład punktacji
Procent ludzi z każdym wynikiem
Percentyl według liczby udzielonych odpowiedzi
Twoja historia wyników
Nie rozwiązałeś tego quizu